[Event "26. Copenhagen Open  (Politiken Cup)"]
[Site "Taastrup"]
[Date "2004.07.31"]
[Round "10"]
[White "Jensen, Leif"]
[Black "Adnoy, Hallvard V"]
[Result "1-0"]
[WhiteElo "2057"]
[BlackElo "2204"]
[PlyCount "173"]
[EventDate "2004.07.24"]
[EventType "swiss"]
[EventRounds "10"]
[EventCountry "DEN"]
[SourceDate "2004.01.01"]

1. e4 e5 2. Nc3 Nf6 3. f4 d5 4. fxe5 Nxe4 5. Nf3 Be7 6. d4 O-O 7. Bd3 Bf5 8.
Qe2 Nxc3 9. bxc3 Bxd3 10. cxd3 Qd7 11. O-O Nc6 12. Bg5 Rae8 13. Qd2 Nd8 14.
Bxe7 Rxe7 15. Rae1 b6 16. Ng5 Rfe8 17. Qf2 Qg4 18. Nh3 Qd7 19. Nf4 Ne6 20. Nh5
Nf8 21. Re3 Ng6 22. Rh3 Qg4 23. Qd2 f5 24. exf6 Rf7 25. Qf2 Re2 26. Qf3 Qxf3
27. Rhxf3 Rxa2 28. fxg7 Rxf3 29. Rxf3 Re2 30. Kf1 Re7 31. Nf6+ Kxg7 32. Nxd5
Rd7 33. Ne3 a5 34. Rf2 Kg8 35. Ng4 Re7 36. g3 Kg7 37. Rd2 Rd7 38. Nf2 Rd5 39.
Ne4 Ne7 40. Ke2 Nc6 41. Ke3 a4 42. Ra2 Ra5 43. Kd2 Kf7 44. d5 Rxd5 45. Rxa4 Ne5
46. Nf2 Kg6 47. Ke3 Rb5 48. d4 Nf7 49. Rc4 c5 50. dxc5 Ne5 51. Rb4 Rxc5 52.
Rxb6+ Kf5 53. Rb3 Rd5 54. Rb4 Rc5 55. g4+ Nxg4+ 56. Nxg4 Rxc3+ 57. Kf2 Ra3 58.
Ne3+ Kg5 59. Kf3 Rc3 60. h3 Ra3 61. Rg4+ Kh5 62. Rb4 h6 63. Re4 Rb3 64. Kg3 Ra3
65. Re5+ Kg6 66. Kf4 Rb3 67. h4 Ra3 68. h5+ Kh7 69. Re7+ Kh8 70. Kf5 Ra5+ 71.
Re5 Ra6 72. Ng4 Rb6 73. Nf6 Rb7 74. Rd5 Re7 75. Rd8+ Kg7 76. Rd7 Kh8 77. Rd8+
Kg7 78. Nd5 Ra7 79. Rc8 Ra5 80. Rc7+ Kf8 81. Rd7 Ra6 82. Rb7 Ra5 83. Ke6 Ra6+
84. Rb6 Ra5 85. Nf6 Ra8 86. Rb8+ Kg7 87. Ne8+ 1-0

[Event "26. Copenhagen Open  (Politiken Cup)"]
[Site "Taastrup"]
[Date "2004.07.31"]
[Round "10"]
[White "Jensen, Mads"]
[Black "Hansen, Martin"]
[Result "1/2-1/2"]
[WhiteElo "1277"]
[BlackElo "1732"]
[PlyCount "158"]
[EventDate "2004.07.24"]
[EventType "swiss"]
[EventRounds "10"]
[EventCountry "DEN"]
[SourceDate "2004.01.01"]

1. d4 d5 2. c4 c6 3. Nc3 Nf6 4. Bg5 e6 5. Nf3 Nbd7 6. e3 h6 7. Bh4 Be7 8. Bd3
O-O 9. O-O Nh7 10. Bxe7 Qxe7 11. Re1 Ng5 12. Rc1 Nxf3+ 13. Qxf3 Nf6 14. e4 dxc4
15. Bxc4 Qb4 16. e5 Qxc4 17. exf6 Qxd4 18. Ne4 Qe5 19. fxg7 Qxg7 20. Nf6+ Kh8
21. Rc4 e5 22. Ree4 Rd8 23. h3 Rd6 24. Ne8 Qf8 25. Nxd6 Qxd6 26. Qxf7 Bd7 27.
Re3 Rf8 28. Qh5 Rf5 29. Qe2 Rg5 30. Rcc3 e4 31. Rg3 Rxg3 32. Rxg3 Qf4 33. Qe3
Qxe3 34. Rxe3 Bf5 35. f3 exf3 36. Rxf3 Be6 37. a3 Kg7 38. h4 a5 39. b4 axb4 40.
axb4 Bd5 41. Rf4 Be6 42. g3 b6 43. Kf2 c5 44. bxc5 bxc5 45. Ke3 Bb3 46. Kd3 Kg6
47. g4 Be6 48. Ke4 Ba2 49. Ke5 Bb3 50. Rf6+ Kg7 51. Rc6 c4 52. g5 hxg5 53. hxg5
Bc2 54. Rxc4 Bd3 55. Rc6 Bb1 56. Kf4 Bd3 57. Kg4 Be4 58. Rd6 Kh7 59. Kf4 Bc2
60. Ke5 Kg7 61. Rf6 Bb1 62. Rb6 Bc2 63. Rb2 Bd3 64. Rg2 Kg6 65. Kf4 Kg7 66. Kg4
Be4 67. Rg3 Bc2 68. Rc3 Be4 69. Kh5 Bg6+ 70. Kg4 Be4 71. Ra3 Bc2 72. Kf4 Kg6
73. Ra6+ Kg7 74. g6 Bxg6 75. Kg5 Bd3 76. Ra7+ Kf8 77. Kf6 Ke8 78. Ra5 Bc4 79.
Rc5 Bb3 1/2-1/2

[Event "26. Copenhagen Open  (Politiken Cup)"]
[Site "Taastrup"]
[Date "2004.07.31"]
[Round "10"]
[White "Johannessen, Leif Erlend"]
[Black "Fedorov, Aleksander"]
[Result "1-0"]
[WhiteElo "2538"]
[BlackElo "2620"]
[PlyCount "105"]
[EventDate "2004.07.24"]
[EventType "swiss"]
[EventRounds "10"]
[EventCountry "DEN"]
[SourceDate "2004.01.01"]

1. d4 Nf6 2. c4 g6 3. g3 Bg7 4. Bg2 O-O 5. Nc3 d6 6. Nf3 Nc6 7. O-O a6 8. d5
Na5 9. Nd2 c5 10. Qc2 Rb8 11. b3 b5 12. Rb1 e5 13. Bb2 h5 14. e4 h4 15. Ne2 Bh6
16. Bc3 Nh5 17. Qd3 b4 18. Bb2 h3 19. Bh1 Nb7 20. f4 exf4 21. Nxf4 Qg5 22. Rbe1
Bg7 23. Bxg7 Kxg7 24. Nxh5+ Qxh5 25. Rf2 f6 26. Ref1 Bd7 27. Nf3 g5 28. Qb1
Rbe8 29. Qa1 Qh6 30. Ne1 a5 31. Nd3 Qg6 32. Qb2 Rf7 33. Qa1 Ref8 34. Qb2 Kg8
35. Qd2 Qg7 36. Re1 a4 37. bxa4 Bxa4 38. Bf3 Bd7 39. Rfe2 g4 40. Bh1 Ra8 41.
Rf2 Ra3 42. Ref1 Nd8 43. Rf4 Bc8 44. Qe2 Qg5 45. Nf2 Rg7 46. e5 fxe5 47. Rf8+
Kxf8 48. Ne4+ Ke7 49. Nxg5 Rxg5 50. Qd2 Rh5 51. Be4 Kd7 52. Bg6 Rh8 53. Qg5 1-0

[Event "26. Copenhagen Open  (Politiken Cup)"]
[Site "Taastrup"]
[Date "2004.07.31"]
[Round "10"]
[White "Kaimer, Thomas"]
[Black "Jorgensen, Gert"]
[Result "1-0"]
[WhiteElo "2237"]
[BlackElo "2087"]
[PlyCount "89"]
[EventDate "2004.07.24"]
[EventType "swiss"]
[EventRounds "10"]
[EventCountry "DEN"]
[SourceDate "2004.01.01"]

1. e4 d6 2. d4 Nf6 3. Nc3 g6 4. Bg5 Bg7 5. e5 Ng8 6. Bc4 c6 7. f4 d5 8. Be2 h5
9. Nf3 Nh6 10. Nh4 Nf5 11. Qd2 Qa5 12. O-O-O Be6 13. Nxf5 Bxf5 14. Bh4 Na6 15.
a3 f6 16. h3 O-O-O 17. g4 hxg4 18. hxg4 Bd7 19. Qe3 Nc7 20. Rdf1 b5 21. Kb1
Rdf8 22. Bd3 Qb6 23. Bxg6 fxe5 24. Ne2 Bxg4 25. Bxe7 Bxe2 26. Qxe2 Qxd4 27. c3
Qxf4 28. Bxf8 Rxh1 29. Rxh1 Qxf8 30. Rf1 Qd6 31. Bh7 Bh6 32. Rf7 Bf4 33. Qg4+
Kb7 34. Bf5 Kb6 35. Rd7 Qc5 36. Qg8 e4 37. Qb8+ Ka6 38. Rxc7 Bxc7 39. Bc8+ Ka5
40. Qxc7+ Ka4 41. Qh2 Qf8 42. Ka2 b4 43. axb4 Qxc8 44. Qe2 c5 45. b3# 1-0

[Event "26. Copenhagen Open  (Politiken Cup)"]
[Site "Taastrup"]
[Date "2004.07.31"]
[Round "10"]
[White "Kallenbach, Uffe"]
[Black "Danielsen, Dag"]
[Result "0-1"]
[WhiteElo "1445"]
[BlackElo "1905"]
[PlyCount "84"]
[EventDate "2004.07.24"]
[EventType "swiss"]
[EventRounds "10"]
[EventCountry "DEN"]
[SourceDate "2004.01.01"]

1. d4 Nf6 2. c4 e6 3. Nf3 b6 4. g3 Ba6 5. Nbd2 d6 6. Bg2 Bb7 7. O-O Be7 8. Qc2
O-O 9. e4 a5 10. b3 Na6 11. a3 d5 12. cxd5 exd5 13. e5 Ne4 14. Ne1 Rc8 15. Bb2
c5 16. Nxe4 cxd4 17. Qd3 dxe4 18. Bxe4 Nc5 19. Bxh7+ Kh8 20. Qf5 Be4 21. Qh5
Bxh7 22. b4 Nb3 23. Rd1 axb4 24. axb4 Bxb4 25. Nd3 Bc3 26. Ba3 Nc5 27. f4 Rc6
28. f5 Rh6 29. Qe2 Qd5 30. Bc1 Rc6 31. Rf4 Nxd3 32. Rxd3 Re8 33. Re4 f6 34. Bf4
Kg8 35. g4 Bb4 36. e6 Rc3 37. Rd1 Bc5 38. Kf1 d3 39. Qf3 Rc4 40. Re3 Rxf4 41.
Qxf4 Bxe3 42. Qxe3 Qh1+ 0-1

[Event "26. Copenhagen Open  (Politiken Cup)"]
[Site "Taastrup"]
[Date "2004.07.31"]
[Round "10"]
[White "Lahlum, Hans Olav"]
[Black "Skjoldan, Benjamin"]
[Result "0-1"]
[WhiteElo "2254"]
[BlackElo "2080"]
[PlyCount "84"]
[EventDate "2004.07.24"]
[EventType "swiss"]
[EventRounds "10"]
[EventCountry "DEN"]
[SourceDate "2004.01.01"]

1. d4 g6 2. c4 Bg7 3. e4 d6 4. Nc3 Nd7 5. Be3 c6 6. Qd2 e5 7. d5 c5 8. Bd3 Ngf6
9. f3 a6 10. Nge2 Qa5 11. O-O O-O 12. a3 Rb8 13. Kh1 Qc7 14. b4 Ne8 15. g4 Nb6
16. b5 f5 17. gxf5 gxf5 18. exf5 Bxf5 19. Ng3 Bxd3 20. Qxd3 Qd7 21. Nge4 Nf6
22. bxa6 bxa6 23. Ng5 e4 24. fxe4 Ng4 25. Ne6 Rxf1+ 26. Rxf1 Nxc4 27. Bf4 Nge5
28. Qg3 Kh8 29. Rg1 Bf6 30. Ne2 Qf7 31. Qh3 Ng6 32. Qf5 Qe7 33. Qh3 Nf8 34. Qd3
Nxe6 35. Qxc4 Nxf4 36. Nxf4 Bd4 37. Re1 Qh4 38. Ng2 Qf2 39. Rf1 Qd2 40. Qxa6
Rg8 41. Nh4 Be5 42. Ng6+ hxg6 0-1

[Event "26. Copenhagen Open  (Politiken Cup)"]
[Site "Taastrup"]
[Date "2004.07.31"]
[Round "10"]
[White "Larsen, Alex"]
[Black "Marcussen, Johnni A"]
[Result "0-1"]
[WhiteElo "1182"]
[BlackElo "1359"]
[PlyCount "60"]
[EventDate "2004.07.24"]
[EventType "swiss"]
[EventRounds "10"]
[EventCountry "DEN"]
[SourceDate "2004.01.01"]

1. d4 Nf6 2. Nc3 d5 3. Bg5 e6 4. e4 dxe4 5. Nxe4 Be7 6. Bxf6 Bxf6 7. Nf3 Nc6 8.
Bb5 Bd7 9. c3 a6 10. Bxc6 Bxc6 11. Nxf6+ Qxf6 12. O-O O-O-O 13. Ne5 Be4 14. f3
Bg6 15. Qd2 Qxe5 16. Qf2 Qb5 17. b4 Qc4 18. Rfc1 f6 19. a4 e5 20. dxe5 fxe5 21.
Qa7 Qc6 22. b5 Qb6+ 23. Qxb6 cxb6 24. Re1 Rhe8 25. Ra2 Bf7 26. Rb2 a5 27. Re4
Rd3 28. Rbe2 Rxc3 29. Rxe5 Rxe5 30. Rxe5 Kd7 0-1

[Event "26. Copenhagen Open  (Politiken Cup)"]
[Site "Taastrup"]
[Date "2004.07.31"]
[Round "10"]
[White "Larsen, Allan"]
[Black "Lovik, Lasse Ostebo"]
[Result "1/2-1/2"]
[WhiteElo "2158"]
[BlackElo "1267"]
[PlyCount "32"]
[EventDate "2004.07.24"]
[EventType "swiss"]
[EventRounds "10"]
[EventCountry "DEN"]
[SourceDate "2004.01.01"]

1. e4 e6 2. d3 d5 3. Nd2 c5 4. Ngf3 Nc6 5. g3 Nf6 6. Bg2 e5 7. O-O d4 8. h3 h6
9. a4 Be6 10. Nh4 Qd7 11. g4 h5 12. g5 Nh7 13. g6 Ng5 14. Nf5 fxg6 15. Nc4
Nxh3+ 16. Bxh3 gxf5 1/2-1/2

[Event "26. Copenhagen Open  (Politiken Cup)"]
[Site "Taastrup"]
[Date "2004.07.31"]
[Round "10"]
[White "Laursen, Steen"]
[Black "Fjellheim, Marius"]
[Result "1-0"]
[WhiteElo "1302"]
[BlackElo "1237"]
[PlyCount "55"]
[EventDate "2004.07.24"]
[EventType "swiss"]
[EventRounds "10"]
[EventCountry "DEN"]
[SourceDate "2004.01.01"]

1. e4 d5 2. exd5 Nf6 3. d4 e6 4. dxe6 Bxe6 5. Nf3 Nc6 6. Be2 Be7 7. O-O Qd7 8.
c4 Bf5 9. d5 Nb4 10. Na3 O-O-O 11. Qd4 b6 12. Ne5 Qe8 13. Nf3 Bc5 14. Qf4 Qd7
15. Nb5 Bg6 16. Nxa7+ Kb7 17. Ne5 Qe8 18. Nb5 Bd6 19. Nxd6+ Rxd6 20. Nxg6 hxg6
21. Bf3 Nh5 22. Qd2 Na6 23. Re1 Qd7 24. b3 Kb8 25. Ba3 Rf6 26. d6 Rxf3 27.
dxc7+ Qxc7 28. Bd6 1-0

[Event "26. Copenhagen Open  (Politiken Cup)"]
[Site "Taastrup"]
[Date "2004.07.31"]
[Round "10"]
[White "Lavrsen, Frands Winther"]
[Black "Bering, Anders"]
[Result "0-1"]
[WhiteElo "1772"]
[BlackElo "2084"]
[PlyCount "76"]
[EventDate "2004.07.24"]
[EventType "swiss"]
[EventRounds "10"]
[EventCountry "DEN"]
[SourceDate "2004.01.01"]

1. f4 c5 2. Nf3 g6 3. e3 Bg7 4. Be2 b6 5. O-O Bb7 6. d4 Nf6 7. c4 cxd4 8. exd4
d5 9. b3 O-O 10. Nc3 Ne4 11. Bb2 Nxc3 12. Bxc3 Nc6 13. Ne5 dxc4 14. bxc4 Qd6
15. Qd2 Rfd8 16. Rad1 Rac8 17. Qe3 Qa3 18. Nxc6 Bxc6 19. Rd2 e6 20. Rb1 Bd5 21.
Rb3 Qc1+ 22. Kf2 Bxc4 23. Bxc4 Rxc4 24. Bb2 Qb1 25. Qe2 Rdc8 26. Ba3 Qf5 27. g3
Bxd4+ 28. Kg2 Bf6 29. Rbd3 Qe4+ 30. Qxe4 Rxe4 31. Rd7 Ra4 32. Be7 Bxe7 33. Rxe7
Rc5 34. Rdd7 Rxa2+ 35. Kf3 Rf5 36. g4 Ra3+ 37. Ke4 Ra4+ 38. Ke3 Rfxf4 0-1

[Event "26. Copenhagen Open  (Politiken Cup)"]
[Site "Taastrup"]
[Date "2004.07.31"]
[Round "10"]
[White "Lie, Kjetil A"]
[Black "Hansen, Lars Bo"]
[Result "1/2-1/2"]
[WhiteElo "2459"]
[BlackElo "2572"]
[PlyCount "90"]
[EventDate "2004.07.24"]
[EventType "swiss"]
[EventRounds "10"]
[EventCountry "DEN"]
[SourceDate "2004.01.01"]

1. c4 e6 2. g3 d5 3. Bg2 Nf6 4. Nf3 c5 5. cxd5 Nxd5 6. O-O Nc6 7. Nc3 Be7 8.
Nxd5 exd5 9. d4 O-O 10. dxc5 Bxc5 11. Bg5 Qd7 12. Ne1 h6 13. Bf4 Rd8 14. Nd3
Bb6 15. Bd2 Qe7 16. Nf4 Qe5 17. a4 Bf5 18. a5 Bc7 19. a6 bxa6 20. Rc1 Ne7 21.
Bc3 d4 22. Bb4 Rac8 23. Bb7 Bb6 24. Bxc8 Nxc8 25. Nd3 Qb5 26. Bc5 Nd6 27. Bxb6
axb6 28. Qc2 Rc8 29. Qd2 Re8 30. Rfe1 Qd7 31. Nf4 Nb5 32. Qb4 Be4 33. Qd2 Bb7
34. f3 Qd6 35. e4 dxe3 36. Qxd6 Nxd6 37. Kg2 Nf5 38. Rc7 Ba8 39. Ne2 g5 40. g4
Nh4+ 41. Kg3 Nxf3 42. Rec1 Nd2 43. Rc8 Ne4+ 44. Kh3 Nf2+ 45. Kg3 Ne4+ 1/2-1/2

[Event "26. Copenhagen Open  (Politiken Cup)"]
[Site "Taastrup"]
[Date "2004.07.31"]
[Round "10"]
[White "Lie, Terje"]
[Black "Laato, Samuli"]
[Result "0-1"]
[WhiteElo "1094"]
[BlackElo "1667"]
[PlyCount "138"]
[EventDate "2004.07.24"]
[EventType "swiss"]
[EventRounds "10"]
[EventCountry "DEN"]
[SourceDate "2004.01.01"]

1. d4 d5 2. c4 c6 3. Nc3 Nf6 4. Nf3 e6 5. Bg5 dxc4 6. e4 b5 7. e5 h6 8. Bh4 g5
9. Nxg5 hxg5 10. Bxg5 Nbd7 11. exf6 Bb7 12. Qf3 Qb6 13. O-O-O c5 14. d5 O-O-O
15. Qe3 e5 16. Be2 Kb8 17. Bf3 b4 18. Ne2 Qa5 19. Kb1 Bd6 20. h4 Nb6 21. h5 c3
22. Nxc3 bxc3 23. Qxc3 Qxc3 24. bxc3 Bc7 25. h6 Bxd5 26. a3 Bxf3 27. Rxd8+ Bxd8
28. gxf3 Nd7 29. f4 exf4 30. Bxf4+ Kc8 31. Kc2 Bxf6 32. c4 Ne5 33. Rh5 Nd7 34.
Be3 Kb7 35. Rd5 Kc6 36. Bf4 Be7 37. Rh5 Bf8 38. Kd3 Bd6 39. Be3 Ne5+ 40. Ke4
Nxc4 41. Bc1 Rh7 42. f4 Bf8 43. f5 Be7 44. Kf4 Nd6 45. Kg4 Ne8 46. Rh3 Nf6+ 47.
Kf3 Bf8 48. Bg5 Ng8 49. Bd8 Rxh6 50. Rg3 Ne7 51. Ke4 Rd6 52. Ba5 Rd4+ 53. Ke5
Rd5+ 54. Ke4 Rxf5 55. Rh3 Rf1 56. Rh8 Ng6 57. Rh7 Kb5 58. Bd2 c4 59. Rh5+ f5+
60. Rxf5+ Rxf5 61. Kxf5 Ne7+ 62. Ke4 Nc6 63. a4+ Kxa4 64. Kd5 Na5 65. Bxa5 Kxa5
66. Kxc4 Ka4 67. Kc3 Bg7+ 68. Kc2 a5 69. Kc1 Kb3 0-1

[Event "26. Copenhagen Open  (Politiken Cup)"]
[Site "Taastrup"]
[Date "2004.07.31"]
[Round "10"]
[White "Lynge, Torben"]
[Black "Auchenberg, Einar"]
[Result "1-0"]
[WhiteElo "1916"]
[BlackElo "1486"]
[PlyCount "81"]
[EventDate "2004.07.24"]
[EventType "swiss"]
[EventRounds "10"]
[EventCountry "DEN"]
[SourceDate "2004.01.01"]

1. e4 c6 2. d4 d5 3. Nd2 h5 4. c3 Bg4 5. Ngf3 h4 6. Be2 dxe4 7. Nxe4 f5 8. Neg5
Qd6 9. Ne5 Nh6 10. Bxg4 fxg4 11. Nxg4 Nd7 12. Qf3 O-O-O 13. Nxh6 Rxh6 14. Nf7
Qe6+ 15. Be3 Rf6 16. Nxd8 Kxd8 17. Qe2 h3 18. g3 Qe4 19. O-O-O g5 20. Qd3 Qd5
21. Kb1 Rf3 22. c4 Qf7 23. d5 c5 24. Qd2 Ne5 25. Qa5+ b6 26. Qxa7 Nxc4 27. Qa8+
Kc7 28. Qc6+ Kb8 29. Qb5 Qg6+ 30. Ka1 Na3 31. Qd3 Nc2+ 32. Kb1 Qxd3 33. Rxd3
Nxe3 34. fxe3 Rf2 35. Kc1 Bg7 36. Rd2 Rxd2 37. Kxd2 Bxb2 38. Rb1 Be5 39. Rxb6+
Ka7 40. Rh6 g4 41. Rh4 1-0

[Event "26. Copenhagen Open  (Politiken Cup)"]
[Site "Taastrup"]
[Date "2004.07.31"]
[Round "10"]
[White "Malmdin, Nils Ake"]
[Black "Pedersen, Audun"]
[Result "1-0"]
[WhiteElo "2187"]
[BlackElo "2034"]
[PlyCount "69"]
[EventDate "2004.07.24"]
[EventType "swiss"]
[EventRounds "10"]
[EventCountry "DEN"]
[SourceDate "2004.01.01"]

1. e4 e6 2. d3 d5 3. Nd2 Nf6 4. Ngf3 Bc5 5. e5 Nfd7 6. d4 Bb6 7. Nb3 c5 8. Bg5
Qc7 9. c3 Nc6 10. Be2 cxd4 11. cxd4 O-O 12. O-O f6 13. exf6 Nxf6 14. Rc1 Qf7
15. Bf4 Ne4 16. Be5 a6 17. Bd3 Bd7 18. Qe2 Qf5 19. Nbd2 Nb4 20. Bb1 Bb5 21. Qe3
Nc6 22. Bd6 Rfd8 23. Nxe4 dxe4 24. Bxe4 Qh5 25. Bc5 Bc7 26. Rfd1 Rd7 27. h3
Rad8 28. b3 e5 29. d5 Nd4 30. Nxd4 exd4 31. Bxd4 Qf7 32. g3 Qh5 33. g4 Qf7 34.
Bf5 Re8 35. Be6 1-0

[Event "26. Copenhagen Open  (Politiken Cup)"]
[Site "Taastrup"]
[Date "2004.07.31"]
[Round "10"]
[White "Manley, Christian"]
[Black "Gerstoft, Philip"]
[Result "1-0"]
[WhiteElo "1670"]
[BlackElo "1285"]
[PlyCount "89"]
[EventDate "2004.07.24"]
[EventType "swiss"]
[EventRounds "10"]
[EventCountry "DEN"]
[SourceDate "2004.01.01"]

1. c4 e5 2. Nc3 Nf6 3. d3 Bb4 4. e4 O-O 5. Be2 d6 6. f4 Bc5 7. f5 Nc6 8. g4 Nd7
9. Nf3 Nd4 10. h4 c6 11. g5 a5 12. h5 Re8 13. Nh4 Kf8 14. g6 fxg6 15. hxg6 h6
16. Ng2 Ke7 17. Bxh6 gxh6 18. Rxh6 Nf6 19. Qd2 Bxf5 20. Nh4 Bxg6 21. Nxg6+ Kd7
22. O-O-O Kc7 23. Rf1 Ne6 24. Nxe5 Nxe4 25. Rf7+ Re7 26. Nxe4 dxe5 27. Rxe7+
Qxe7 28. Rxe6 Qxe6 29. Nxc5 Qg6 30. Qe3 Re8 31. Ne4 b6 32. Qg5 Qxg5+ 33. Nxg5
c5 34. Kd2 Kd6 35. Ne4+ Kc7 36. Nf6 Rf8 37. Nd5+ Kc6 38. a4 Rf7 39. Ke3 Rh7 40.
Ke4 Rh2 41. Nc3 Kd6 42. b3 Rh4+ 43. Ke3 Rf4 44. Bf3 Ke7 45. Nd5+ 1-0

[Event "26. Copenhagen Open  (Politiken Cup)"]
[Site "Taastrup"]
[Date "2004.07.31"]
[Round "10"]
[White "Marder, Simon"]
[Black "Willumsen, Niels Henrik"]
[Result "0-1"]
[WhiteElo "2054"]
[BlackElo "2178"]
[PlyCount "40"]
[EventDate "2004.07.24"]
[EventType "swiss"]
[EventRounds "10"]
[EventCountry "DEN"]
[SourceDate "2004.01.01"]

1. d4 d5 2. Nc3 e6 3. e4 Bb4 4. e5 c5 5. a3 Bxc3+ 6. bxc3 Ne7 7. Qg4 Qc7 8.
Qxg7 Rg8 9. Qxh7 cxd4 10. Kd1 Nbc6 11. f4 Bd7 12. Nf3 O-O-O 13. Qd3 dxc3 14.
Qxc3 d4 15. Qc5 Nd5 16. g3 f6 17. Bd3 Be8 18. exf6 Bh5 19. Ke2 Bxf3+ 20. Kxf3
Ne5+ 0-1

[Event "26. Copenhagen Open  (Politiken Cup)"]
[Site "Taastrup"]
[Date "2004.07.31"]
[Round "10"]
[White "Mathiesen, Erik"]
[Black "Thomassen, Thomas"]
[Result "1/2-1/2"]
[WhiteElo "2112"]
[BlackElo "1860"]
[PlyCount "137"]
[EventDate "2004.07.24"]
[EventType "swiss"]
[EventRounds "10"]
[EventCountry "DEN"]
[SourceDate "2004.01.01"]

1. e4 c5 2. Nf3 d6 3. d4 cxd4 4. Nxd4 Nf6 5. Bd3 Nc6 6. Nxc6 bxc6 7. O-O g6 8.
c4 Bg7 9. Nc3 O-O 10. h3 Nd7 11. Qc2 Rb8 12. Be3 Qa5 13. Bd2 Nc5 14. Be2 Qc7
15. Rac1 f5 16. f3 fxe4 17. fxe4 Rxf1+ 18. Rxf1 Ne6 19. Be3 Nd4 20. Bxd4 Bxd4+
21. Kh1 Qa5 22. Na4 c5 23. b3 Be6 24. Bg4 Bxg4 25. hxg4 Qd8 26. Qd2 e6 27. g3
Qe7 28. Kg2 Rf8 29. Rxf8+ Qxf8 30. Qf4 Qf6 31. Qxf6 Bxf6 32. a3 Kf7 33. b4 cxb4
34. axb4 Bd4 35. Kf3 Kf6 36. Kf4 Be5+ 37. Kf3 Bd4 38. Kf4 g5+ 39. Kf3 Ke5 40.
c5 dxc5 41. bxc5 a5 42. Nb6 Kf6 43. Nc4 a4 44. c6 Ke7 45. Ke2 Kd8 46. Kd3 e5
47. Kc2 Kc7 48. Na5 Kd6 49. Kd3 Bf2 50. Kc4 Be1 51. Nb7+ Kc7 52. Nc5 a3 53. Kb3
Kxc6 54. Nd3 Bxg3 55. Kxa3 Bf4 56. Kb4 Kd6 57. Kc3 Ke6 58. Kc2 Kf6 59. Kd1 Kg6
60. Ke2 h5 61. Kf3 h4 62. Nf2 Kf6 63. Ke2 Bg3 64. Nh3 Bf4 65. Kd3 Ke6 66. Kc4
Kd6 67. Kb4 Kc6 68. Kc4 Be3 69. Kb4 1/2-1/2

[Event "26. Copenhagen Open  (Politiken Cup)"]
[Site "Taastrup"]
[Date "2004.07.31"]
[Round "10"]
[White "Miezis, Normunds"]
[Black "Bromann, Thorbjorn"]
[Result "1-0"]
[WhiteElo "2502"]
[BlackElo "2348"]
[PlyCount "61"]
[EventDate "2004.07.24"]
[EventType "swiss"]
[EventRounds "10"]
[EventCountry "DEN"]
[SourceDate "2004.01.01"]

1. c4 e5 2. Nc3 Nf6 3. g3 d5 4. cxd5 Nxd5 5. Bg2 Nb6 6. Nf3 Nc6 7. Rb1 g6 8. d3
Bg7 9. Bg5 Ne7 10. Qc1 h6 11. Bd2 c6 12. b4 Be6 13. O-O f5 14. a4 g5 15. b5 c5
16. Ne1 Rb8 17. a5 Nd7 18. b6 axb6 19. axb6 Nxb6 20. Nb5 Nbc8 21. Qxc5 O-O 22.
Nc7 Ba2 23. Rxb7 Rxb7 24. Bxb7 e4 25. Bb4 exd3 26. Nxd3 f4 27. Qc2 Bf7 28. Bxc8
Nxc8 29. Bxf8 Kxf8 30. Rd1 fxg3 31. hxg3 1-0

[Event "26. Copenhagen Open  (Politiken Cup)"]
[Site "Taastrup"]
[Date "2004.07.31"]
[Round "10"]
[White "Moen, Andreas"]
[Black "Olsen, Aage Dalstrup"]
[Result "1-0"]
[WhiteElo "2267"]
[BlackElo "2098"]
[PlyCount "95"]
[EventDate "2004.07.24"]
[EventType "swiss"]
[EventRounds "10"]
[EventCountry "DEN"]
[SourceDate "2004.01.01"]

1. d4 Nf6 2. c4 e5 3. dxe5 Ng4 4. Bf4 Nc6 5. Nf3 Bb4+ 6. Nbd2 Qe7 7. e3 Ngxe5
8. Nxe5 Nxe5 9. a3 Bxd2+ 10. Qxd2 d6 11. Be2 Bd7 12. b4 a6 13. O-O O-O 14. Bg3
Rad8 15. a4 Qf6 16. Rfc1 Rfe8 17. Qc3 c6 18. Ra2 Be6 19. Rd2 Qe7 20. c5 f6 21.
cxd6 Rxd6 22. Rxd6 Qxd6 23. f4 Nf7 24. f5 Qd5 25. fxe6 Qxe6 26. Bc4 Qxe3+ 27.
Qxe3 Rxe3 28. Rd1 Kf8 29. Bf2 Ra3 30. Bc5+ Ke8 31. Bxf7+ Kxf7 32. a5 g5 33. h3
h5 34. Rd7+ Kg6 35. Rxb7 g4 36. hxg4 hxg4 37. Kh2 Rd3 38. Rb6 Kh5 39. Rxc6 g3+
40. Kh3 f5 41. Rf6 Kg5 42. Rf8 Kf4 43. Ba7 Rb3 44. Bb8+ Kg5 45. Bd6 Rd3 46.
Rg8+ Kf6 47. Bxg3 f4 48. Rf8+ 1-0

[Event "26. Copenhagen Open  (Politiken Cup)"]
[Site "Taastrup"]
[Date "2004.07.31"]
[Round "10"]
[White "Moller, Frederik Oest"]
[Black "Trarup, Jorgen"]
[Result "1-0"]
[WhiteElo "1832"]
[BlackElo "1378"]
[PlyCount "77"]
[EventDate "2004.07.24"]
[EventType "swiss"]
[EventRounds "10"]
[EventCountry "DEN"]
[SourceDate "2004.01.01"]

1. e4 c5 2. Nf3 Nc6 3. d4 cxd4 4. Nxd4 d6 5. Nc3 Nf6 6. Be3 e6 7. f4 h6 8. h3
Nxd4 9. Bxd4 Bd7 10. Bd3 Bc6 11. O-O Qa5 12. a3 Rg8 13. Be3 O-O-O 14. b4 Qc7
15. Qe1 b6 16. Bd2 Qb7 17. Qe2 Qa8 18. Kh2 d5 19. e5 Ne4 20. Bxe4 dxe4 21. Rae1
a6 22. Bc1 b5 23. Nxe4 Bd5 24. Rf2 Be7 25. g3 Rdf8 26. Nd2 Qc6 27. Nb3 g5 28.
Nd4 Qc7 29. f5 Qc3 30. Qe3 Qc4 31. f6 Bd8 32. Rd2 Bb6 33. Bb2 h5 34. Qd3 Rd8
35. Qh7 Qa2 36. c3 Bxd4 37. cxd4 Qb3 38. Qxf7 h4 39. Rc1+ {time} 1-0

[Event "26. Copenhagen Open  (Politiken Cup)"]
[Site "Taastrup"]
[Date "2004.07.31"]
[Round "10"]
[White "Mortensen, Henrik"]
[Black "Dignam, Matthew"]
[Result "0-1"]
[WhiteElo "2018"]
[BlackElo "2144"]
[PlyCount "80"]
[EventDate "2004.07.24"]
[EventType "swiss"]
[EventRounds "10"]
[EventCountry "DEN"]
[SourceDate "2004.01.01"]

1. d4 e6 2. Nf3 Nf6 3. e3 b6 4. Bd3 Bb7 5. O-O d6 6. Nbd2 Nc6 7. a3 g6 8. b3
Bg7 9. Bb2 O-O 10. Qe2 Re8 11. e4 e5 12. d5 Ne7 13. c4 Nh5 14. g3 Bc8 15. b4
Bh3 16. Rfc1 Qd7 17. c5 Nf4 18. Qe3 Bh6 19. cxd6 cxd6 20. Bxe5 dxe5 21. Nxe5
Nxd3 22. Qxd3 Qd6 23. f4 Bg7 24. Ndc4 Qb8 25. g4 b5 26. Qxh3 bxc4 27. Rxc4 Bxe5
28. fxe5 Qxe5 29. Rac1 Rac8 30. Qd3 Rxc4 31. Rxc4 Rc8 32. Rc5 Rd8 33. Kg2 Nc8
34. h3 Nd6 35. Kf3 Re8 36. Ra5 Qf6+ 37. Kg2 Nxe4 38. Qe2 Qf4 39. Qf3 Qd2+ 40.
Kg1 Ng5 0-1

[Event "26. Copenhagen Open  (Politiken Cup)"]
[Site "Taastrup"]
[Date "2004.07.31"]
[Round "10"]
[White "Mossin, Ivar Alexander"]
[Black "Christensen, Aage Niels"]
[Result "1/2-1/2"]
[WhiteElo "1000"]
[BlackElo "1554"]
[PlyCount "95"]
[EventDate "2004.07.24"]
[EventType "swiss"]
[EventRounds "10"]
[EventCountry "DEN"]
[SourceDate "2004.01.01"]

1. e4 e6 2. d4 d5 3. Nc3 Bb4 4. e5 c5 5. a3 cxd4 6. axb4 dxc3 7. bxc3 Nc6 8. f4
b6 9. Bb5 Qc7 10. Nf3 Nge7 11. O-O Bd7 12. Nd4 O-O 13. Ba4 Nxd4 14. cxd4 Bxa4
15. Rxa4 Rfc8 16. Rf2 Qc3 17. Qd2 Qxd2 18. Rxd2 Rc4 19. Bb2 Nf5 20. c3 b5 21.
Ra6 Rc7 22. Kf2 Ne7 23. Rd1 Nc6 24. Rda1 g6 25. h4 Nxd4 26. cxd4 Rc2+ 27. Ke3
Rxb2 28. Rxa7 Rxa7 29. Rxa7 Rxb4 30. Ra8+ Kg7 31. Rb8 Rb3+ 32. Ke2 Rb2+ 33. Kf3
b4 34. g4 Rb3+ 35. Kg2 Rb1 36. g5 b3 37. Kh2 Rd1 38. Rxb3 Rxd4 39. Kg3 Rc4 40.
Rb8 Rc3+ 41. Kg2 Re3 42. Ra8 d4 43. Rb8 d3 44. Rd8 Re2+ 45. Kg3 Rd2 46. Rd6 Rd1
47. Rd8 d2 48. Kg2 1/2-1/2